000 01293 a2200241 4500
005 20080905105939.0
008 080905t xxu||||| |||| 00| 0 hin d
010 _aHIN-79068
020 _c500.00
035 _aHN-51415
037 _bD.B.Act / ven
082 _a352.044
100 _aशर्मा, हरीशचन्द्र
245 _aफ्रांस में स्थानीय प्रशासन
_cहरीशचन्द्र शर्मा
246 _aFrans me sthaniya prashasan
_bby Harishchander Sharma
260 _aजयपुर
_bकाँलेज बुक डिपो
_c2006
260 _aनई दिल्ली (वितरक) विश्वभारती प्रकाशन
270 _a89 त्रिपोलिया बाजार
_bजयपुर
270 _a4378/4बी, अंसारी रोड, दरियागंज
_bनई दिल्ली
300 _aiv,259पृ
_c22 सेमी (सजिल्द)
942 _adpl
_cHN
_k352.044 / शर्माह
_2ddc
_h352.044
_mशर्माह
999 _c1188
_d1188